Statistics for 99 Fish

Click here to take the quiz!

General Stats

  • This quiz has been taken 949 times
  • The average score is 21 of 99

Answer Stats

Answer % Correct
Shark
82%
Salmon
77%
Trout
75%
Tuna
74%
Bass
72%
Catfish
71%
Eel
60%
Swordfish
59%
Cod
57%
Goldfish
54%
Stingray
54%
Carp
51%
Pike
45%
Sturgeon
40%
Lionfish
40%
Barracuda
40%
Sardine
39%
Dogfish
38%
Flounder
38%
Pufferfish
37%
Perch
36%
Marlin
36%
Sailfish
34%
Mackerel
33%
Sea Horse
33%
Sunfish
33%
Herring
31%
Koi
31%
Grouper
30%
Haddock
29%
Piranha
29%
Parrotfish
28%
Anglerfish
27%
Snapper
27%
Guppy
24%
Halibut
24%
Anchovy
23%
Minnow
23%
MahiMahi
21%
Gar
21%
Bluegill
20%
Sea Bream
20%
Tilapia
19%
Tetra
18%
Triggerfish
17%
Hammerhead
16%
Sole
16%
Flying Fish
16%
Skate
16%
Walleye
15%
Goby
14%
Zebrafish
13%
Crappie
13%
Lamprey
13%
Hake
13%
Butterflyfish
12%
Sea Dragon
11%
Whiting
11%
Rockfish
11%
Monkfish
10%
Sawfish
10%
Lungfish
10%
Chub
9%
Cichlid
9%
Blowfish
9%
Betta
9%
Stickleback
8%
Drum
8%
Dory
7%
Mudskipper
7%
Frogfish
6%
Pickerel
6%
Viper Fish
6%
Whitebait
6%
Loach
6%
Shad
5%
Bullhead
5%
Scorpionfish
4%
Gourami
4%
Sword Tail
3%
Croaker
3%
Dragonfish
3%
Smelt
3%
Shiner
3%
Steelhead
3%
Brill
2%
Remora
2%
Roughy
2%
Sheep's Head
2%
Devilfish
2%
Cavefish
2%
Hatchetfish
2%
Toadfish
1%
Pupfish
1%
Pilot Fish
1%
Darter
1%
Porcupinefish
1%
Sculpin
1%
Roundhead
0%

Score Distribution

Percentile by Number Answered

Percent of People with Each Score

Your Score History

You have not taken this quiz